[Event "GER-ch U25 op-A"]
[Site "Willingen"]
[Date "2024.05.25"]
[Round "9"]
[White "Astner, Sebastian"]
[Black "Werner, Florin"]
[Result "1/2-1/2"]
[WhiteElo "1930"]
[BlackElo "1893"]
[PlyCount "97"]
[EventDate "2024.05.19"]
[EventType "swiss"]
[EventRounds "9"]
[EventCountry "GER"]
[SourceTitle "EXT 2025"]
[Source "ChessBase"]
[SourceDate "2024.10.14"]
[SourceVersion "1"]
[SourceVersionDate "2024.10.14"]
[SourceQuality "1"]

1. d4 d5 2. c4 c6 3. Nf3 Nf6 4. cxd5 cxd5 5. Nc3 Nc6 6. Bf4 Bf5 7. e3 e6 8. Bb5 a6 9. Bxc6+ bxc6 10. Qa4 Qb6 11. Ne5 Rc8 12. 0-0 Be7 13. a3 a5 14. Rfc1 0-0 15. Ne2 c5 16. b3 Rfd8 17. h3 h6 18. f3 g5 19. Bg3 Kg7 20. Bf2 Bh7 21. Be1 Qa6 22. Kf2 Re8 23. Qxa5 Qd6 24. Rxc5 Rxc5 25. Qxc5 Qxc5 26. dxc5 Bxc5 27. b4 Bd6 28. Nc6 Bd3 29. Nc1 Bb5 30. Nd4 Ba4 31. Nce2 Kg6 32. Nc3 Bd7 33. Rb1 Ra8 34. a4 Bxa4 35. b5 e5 36. Ra1 exd4 37. exd4 Re8 38. Rxa4 Bf4 39. Ne2 Nh5 40. Ra3 Rb8 41. g4 Ng7 42. Nxf4+ gxf4 43. Rb3 Ne6 44. Bc3 Rb6 45. Ke2 Nc7 46. Kd3 Rxb5 47. Rxb5 Nxb5 48. h4 f5 49. Bd2 1/2-1/2

[Event "GER-chT U20"]
[Site "Magdeburg"]
[Date "2023.12.28"]
[Round "4.3"]
[White "Eull, Emil"]
[Black "Astner, Sebastian"]
[Result "1-0"]
[WhiteElo "2077"]
[BlackElo "1881"]
[PlyCount "73"]
[EventDate "2023.12.26"]
[EventType "team-swiss"]
[EventRounds "7"]
[EventCountry "GER"]
[SourceTitle "CBM 218 Extra"]
[Source "ChessBase"]
[SourceDate "2024.03.31"]
[SourceVersion "1"]
[SourceVersionDate "2024.03.31"]
[SourceQuality "1"]
[WhiteTeam "Neuberg"]
[BlackTeam "Ergolding"]
[WhiteTeamCountry "GER"]
[BlackTeamCountry "GER"]

1. d4 b6 2. c4 Bb7 3. d5 Nf6 4. Nc3 e6 5. a3 a5 6. e4 exd5 7. cxd5 Qe7 8. Qe2 Na6 9. Bg5 h6 10. Bh4 g5 11. Bg3 d6 12. Qe3 Bg7 13. Bb5+ Nd7 14. Nge2 0-0 15. 0-0 Nac5 16. Rad1 Ba6 17. b4 axb4 18. axb4 Bxb5 19. Nxb5 Na6 20. Ned4 Nf6 21. Nc3 Ng4 22. Qf3 Ne5 23. Qe2 Nxb4 24. Nf5 Qd7 25. Qh5 f6 26. Ne2 Qf7 27. Qh3 Nc2 28. Rc1 Ra2 29. Rxc2 Rxc2 30. Ned4 Rc3 31. Ne6 Kh7 32. Nexg7 Qg6 33. Ne6 Rb8 34. f4 Nf7 35. Ne7 Qxe4 36. Qh5 Ne5 37. fxe5 1-0

[Event "GER-ch U25-A"]
[Site "Willingen"]
[Date "2023.05.28"]
[Round "2"]
[White "Astner, Sebastian"]
[Black "Lohr, Maximilian"]
[Result "1-0"]
[WhiteElo "1897"]
[BlackElo "2106"]
[PlyCount "61"]
[EventDate "2023.05.27"]
[EventType "swiss"]
[EventRounds "9"]
[EventCountry "GER"]
[SourceTitle "CBM 214 Extra"]
[Source "ChessBase"]
[SourceDate "2023.07.31"]
[SourceVersion "1"]
[SourceVersionDate "2023.07.31"]
[SourceQuality "1"]

1. Nf3 Nf6 2. g3 b5 3. d3 Bb7 4. Bg2 e6 5. 0-0 Be7 6. e4 d6 7. a4 b4 8. Re1 Nbd7 9. a5 a6 10. Nbd2 c5 11. e5 dxe5 12. Nxe5 Bxg2 13. Kxg2 Nxe5 14. Rxe5 0-0 15. Nc4 Nd5 16. Qf3 Bf6 17. Re2 Qc7 18. h4 h6 19. Bd2 Rfd8 20. Rh1 Qc6 21. g4 Ne7 22. Re4 Ng6 23. g5 hxg5 24. hxg5 Be7 25. Qh5 Bd6 26. f3 Bc7 27. Kf2 Rd5 28. Bf4 Kf8 29. Bxc7 Qxc7 30. Rxe6 fxe6 31. Qxg6 1-0

[Event "GER-chT U20"]
[Site "Muenster"]
[Date "2022.12.27"]
[Round "2"]
[White "Dornieden, Jonas"]
[Black "Astner, Sebastian"]
[Result "1-0"]
[WhiteElo "2073"]
[BlackElo "1973"]
[PlyCount "45"]
[EventDate "2022.12.26"]
[EventType "team-swiss"]
[EventRounds "7"]
[EventCountry "GER"]
[SourceTitle "CBM 212 Extra"]
[Source "ChessBase"]
[SourceDate "2023.03.31"]
[SourceVersion "1"]
[SourceVersionDate "2023.03.31"]
[SourceQuality "1"]
[WhiteTeam "Lehrte"]
[BlackTeam "Ergolding"]
[WhiteTeamCountry "GER"]
[BlackTeamCountry "GER"]

1. e4 e5 2. Nf3 Nf6 3. Nxe5 Nxe4 4. Qe2 Qe7 5. Qxe4 d6 6. d4 dxe5 7. dxe5 Nc6 8. Bf4 g5 9. Bd2 f5 10. Qe3 f4 11. Qe4 Bg7 12. Nc3 0-0 13. Bc4+ Kh8 14. e6 Nd4 15. 0-0-0 c6 16. h4 g4 17. Bxf4 b5 18. Rxd4 bxc4 19. Bd6 Qf6 20. Bxf8 Qxd4 21. Bxg7+ Qxg7 22. e7 Bd7 23. Rd1 1-0

[Event "GER-chT U20"]
[Site "Kiel"]
[Date "2022.07.25"]
[Round "6.1"]
[White "Astner, Sebastian"]
[Black "Kotyk, Michael"]
[Result "0-1"]
[WhiteElo "1888"]
[BlackElo "2112"]
[PlyCount "86"]
[EventDate "2022.07.22"]
[EventType "team-swiss"]
[EventRounds "7"]
[EventCountry "GER"]
[SourceTitle "CBM 209 Extra"]
[Source "ChessBase"]
[SourceDate "2022.09.30"]
[SourceVersion "1"]
[SourceVersionDate "2022.09.30"]
[SourceQuality "1"]
[WhiteTeam "Ergolding"]
[BlackTeam "Hamburger SK"]
[WhiteTeamCountry "GER"]
[BlackTeamCountry "GER"]

1. d4 d5 2. Nc3 Nf6 3. Bf4 a6 4. e3 e6 5. g4 c5 6. g5 Nfd7 7. h4 Nc6 8. Nf3 cxd4 9. exd4 Bb4 10. Bg2 Qa5 11. Qd3 Qb5 12. Qxb5 axb5 13. Bf1 Bxc3+ 14. bxc3 Ra3 15. Bd2 b4 16. Be2 bxc3 17. Bf4 Ke7 18. Bc1 Ra7 19. a4 f6 20. 0-0 e5 21. dxe5 fxe5 22. Bb5 e4 23. Bxc6 bxc6 24. Nd4 Bb7 25. Nf5+ Kf7 26. f3 g6 27. Nd6+ Ke6 28. Nxb7 Rxb7 29. fxe4 dxe4 30. Ra3 Ne5 31. Rxc3 Ra8 32. Rf6+ Kd5 33. Bf4 Nc4 34. h5 gxh5 35. Rf5+ Kd4 36. Rb3 Re7 37. a5 e3 38. Kf1 Nd2+ 39. Ke2 Nxb3 40. cxb3 Ke4 41. Rf6 Rxa5 42. Bxe3 Ra2+ 43. Bd2 Rd7 0-1

[Event "Mittelfrank Regionalliga Sud-Ost 2122"]
[Site "Mittelfranken"]
[Date "2021.10.24"]
[Round "1.6"]
[White "Astner, Sebastian"]
[Black "Boehm, Bruno"]
[Result "1/2-1/2"]
[WhiteElo "1939"]
[BlackElo "1729"]
[PlyCount "34"]
[EventDate "2021.10.24"]
[EventType "team-tourn"]
[EventRounds "9"]
[EventCountry "GER"]
[SourceTitle "EXT 2024"]
[Source "ChessBase"]
[SourceDate "2023.10.10"]
[SourceVersion "1"]
[SourceVersionDate "2023.10.10"]
[SourceQuality "1"]
[WhiteTeam "Ergolding"]
[BlackTeam "Freising"]
[WhiteTeamCountry "GER"]
[BlackTeamCountry "GER"]

1. e4 c5 2. f4 d5 3. exd5 Qxd5 4. Nc3 Qd8 5. Bb5+ Bd7 6. Bxd7+ Qxd7 7. Nf3 Nc6 8. 0-0 Nh6 9. d3 e6 10. Ne4 Be7 11. b3 0-0 12. Bb2 Rac8 13. Ne5 Qd8 14. Rf3 Nd4 15. Rh3 f5 16. Nd2 Bf6 17. Ndf3 Ng4 1/2-1/2

[Event "GER-chT U16"]
[Site "Willingen"]
[Date "2021.06.26"]
[Round "5.1"]
[White "Zeuner, Ole"]
[Black "Astner, Sebastian"]
[Result "1-0"]
[WhiteElo "1770"]
[BlackElo "1894"]
[PlyCount "47"]
[EventDate "2021.06.23"]
[EventType "team-swiss"]
[EventRounds "7"]
[EventCountry "GER"]
[SourceTitle "CBM 203 Extra"]
[Source "ChessBase"]
[SourceDate "2021.09.30"]
[SourceVersion "1"]
[SourceVersionDate "2021.09.30"]
[SourceQuality "1"]
[WhiteTeam "Magdeburg Schachzwerge"]
[BlackTeam "Ergolding FC"]
[WhiteTeamCountry "GER"]
[BlackTeamCountry "GER"]

1. e4 c6 2. d4 d5 3. exd5 cxd5 4. Bf4 Nf6 5. c3 Qb6 6. Qb3 Qxb3 7. axb3 Nc6 8. Bd3 e6 9. h3 Be7 10. Nd2 0-0 11. Ngf3 b6 12. b4 Bb7 13. 0-0 Rfc8 14. Rfe1 Bf8 15. Ne5 Nxe5 16. Bxe5 a6 17. Ra2 Nd7 18. Bg3 b5 19. Nb3 Nb6 20. Na5 Bc6 21. Nxc6 Rxc6 22. Rea1 Na4 23. Bc2 Bxb4 24. Bxa4 1-0

[Event "GER-ch U25-B"]
[Site "Willingen"]
[Date "2019.06.09"]
[Round "2"]
[White "Hoevert, Kai"]
[Black "Astner, Sebastian"]
[Result "0-1"]
[WhiteElo "1536"]
[BlackElo "1870"]
[PlyCount "144"]
[EventDate "2019.06.08"]
[EventType "swiss"]
[EventRounds "9"]
[EventCountry "GER"]
[SourceTitle "CBM 191 Extra"]
[Source "ChessBase"]
[SourceDate "2019.09.30"]
[SourceVersion "1"]
[SourceVersionDate "2019.09.30"]
[SourceQuality "1"]

1. e4 c6 2. Nf3 d5 3. Nc3 dxe4 4. Nxe4 Nf6 5. Qe2 e6 6. g3 Nbd7 7. Bg2 Nxe4 8. Qxe4 Nf6 9. Qe2 Bd6 10. a3 Qc7 11. d3 Bd7 12. Bd2 0-0 13. 0-0 Rfe8 14. Rfe1 e5 15. Ng5 Bg4 16. f3 Bd7 17. Kh1 h6 18. Nh3 Nd5 19. Nf2 f5 20. Rad1 Bc5 21. Bc1 Qb6 22. Nh3 f4 23. c3 Bxh3 24. Bxh3 Bf2 25. Kg2 Bxe1 26. Rxe1 Ne3+ 27. Kh1 Rad8 28. gxf4 exf4 29. Rg1 g5 30. d4 Qb3 31. Qd3 Qc2 32. Qxc2 Nxc2 33. Bf5 Ne3 34. Be4 Nd5 35. h4 Kf7 36. hxg5 hxg5 37. Rxg5 Rh8+ 38. Kg1 Rhg8 39. Bxd5+ Rxd5 40. Rxg8 Kxg8 41. Kg2 Rg5+ 42. Kh2 Rg3 43. Bxf4 Rxf3 44. Bb8 Rf2+ 45. Kg1 Rxb2 46. Bxa7 Rb3 47. Bc5 Rxc3 48. Kf2 Kf7 49. Ke2 Ke6 50. Kd2 Rh3 51. Kc2 Kd5 52. Kb2 Kc4 53. Kc2 Rh2+ 54. Kd1 Kc3 55. Ke1 Kd3 56. Kf1 Rb2 57. Ke1 b6 58. Bf8 Rb1+ 59. Kf2 Kxd4 60. Ke2 Kc3 61. Be7 Rb3 62. Kd1 c5 63. Bf6+ Kc4 64. Kc1 Rxa3 65. Kb2 Rh3 66. Kc1 Rh2 67. Bg7 b5 68. Bf6 b4 69. Bg7 Kb3 70. Bf8 c4 71. Bg7 c3 72. Bf6 Rh1# 0-1

[Event "Bayernliga U20 1819"]
[Site "Bayern"]
[Date "2019.02.09"]
[Round "7.3"]
[White "Stoeckl, Maximilian"]
[Black "Astner, Sebastian"]
[Result "1-0"]
[WhiteElo "1708"]
[BlackElo "1875"]
[PlyCount "93"]
[EventDate "2018.11.17"]
[EventType "team-tourn"]
[EventRounds "6"]
[EventCountry "GER"]
[SourceTitle "EXT 2022"]
[Source "ChessBase"]
[SourceDate "2021.10.06"]
[SourceVersion "1"]
[SourceVersionDate "2021.10.06"]
[SourceQuality "1"]
[WhiteTeam "Schwandorf U20"]
[BlackTeam "Ergolding FC U20"]
[WhiteTeamCountry "GER"]
[BlackTeamCountry "GER"]

1. d4 d5 2. c4 c6 3. Nc3 f5 4. cxd5 cxd5 5. Nf3 e6 6. Bg5 Nf6 7. e3 Nc6 8. Bd3 a6 9. Rc1 Bd6 10. 0-0 h6 11. Bh4 g5 12. Bg3 Bxg3 13. hxg3 Kf7 14. Be2 Qd6 15. Na4 g4 16. Nh4 Ne4 17. Kh2 Ne7 18. Qc2 Bd7 19. Nc5 Bc6 20. Nxe4 dxe4 21. f3 exf3 22. gxf3 gxf3 23. Bxf3 Rhg8 24. Rg1 Rac8 25. Qf2 Bxf3 26. Qxf3 Rxc1 27. Rxc1 Rg4 28. Kh3 Qb6 29. Rc2 Nd5 30. Nxf5 exf5 31. Qxd5+ Kf6 32. Qe5+ Kg6 33. Rf2 Qf6 34. Qe8+ Kg5 35. Rf4 h5 36. Qc8 b5 37. d5 Kh6 38. Qxf5 Qxb2 39. d6 Qc1 40. Qf8+ Rg7 41. Qh8+ Kg6 42. Qe8+ Kg5 43. Qe5+ Kh6 44. Rf6+ Rg6 45. Qf4+ Kh7 46. Rf7+ Rg7 47. Qf5+ 1-0

[Event "Youth District Germany"]
[Site "Wuerzburg"]
[Date "2018.10.06"]
[Round "6.4"]
[White "Astner, Sebastian"]
[Black "Chassard, Cedric"]
[Result "1/2-1/2"]
[WhiteElo "1849"]
[BlackElo "1786"]
[PlyCount "61"]
[EventDate "2018.10.02"]
[EventType "team-swiss"]
[EventRounds "7"]
[EventCountry "GER"]
[SourceTitle "CBM 186 Extra"]
[Source "ChessBase"]
[SourceDate "2018.08.24"]
[SourceVersion "1"]
[SourceVersionDate "2018.08.24"]
[SourceQuality "1"]
[WhiteTeam "Bayern U20 II"]
[BlackTeam "Saarland U20"]
[WhiteTeamCountry "GER"]
[BlackTeamCountry "GER"]

1. e4 e6 2. d4 d5 3. exd5 exd5 4. Bd3 Bd6 5. Qf3 Ne7 6. Ne2 Nbc6 7. c3 0-0 8. Bf4 Re8 9. Nd2 Bxf4 10. Qxf4 Ng6 11. Qg3 Qf6 12. 0-0 Bf5 13. Bb5 a6 14. Bxc6 Qxc6 15. Nf4 Nxf4 16. Qxf4 Bg6 17. Rfe1 Qd7 18. Nf3 f6 19. h3 Rad8 20. Rxe8+ Rxe8 21. Re1 Rxe1+ 22. Nxe1 Qe7 23. Nf3 h6 24. Nh4 Bb1 25. Qg3 Bc2 26. Kh2 Bb1 27. Qg4 c6 28. Nf5 Bxf5 29. Qxf5 Qe8 30. Kg1 Qe1+ 31. Kh2 1/2-1/2

[Event "Youth District Germany"]
[Site "Wuerzburg"]
[Date "2018.10.03"]
[Round "1.4"]
[White "Huber, Benedikt"]
[Black "Astner, Sebastian"]
[Result "0-1"]
[WhiteElo "2116"]
[BlackElo "1849"]
[PlyCount "72"]
[EventDate "2018.10.02"]
[EventType "team-swiss"]
[EventRounds "7"]
[EventCountry "GER"]
[SourceTitle "CBM 186 Extra"]
[Source "ChessBase"]
[SourceDate "2018.08.24"]
[SourceVersion "1"]
[SourceVersionDate "2018.08.24"]
[SourceQuality "1"]
[WhiteTeam "Bayern U20"]
[BlackTeam "Bayern U20 II"]
[WhiteTeamCountry "GER"]
[BlackTeamCountry "GER"]

1. d4 b6 2. e4 Bb7 3. Bd3 e6 4. Nf3 Nf6 5. Qe2 d5 6. e5 Ne4 7. 0-0 c5 8. c3 Be7 9. Rd1 0-0 10. Ne1 h6 11. Qg4 f5 12. exf6 Rxf6 13. f3 Nd6 14. Bf4 h5 15. Qg5 Rf5 16. Qg3 Bh4 17. Qg6 Rxf4 18. g3 Rf6 19. Qh7+ Kf8 20. Bg6 Bg5 21. Qh8+ Ke7 22. Qxg7+ Nf7 23. Bxf7 Be3+ 24. Kg2 Rxf7 25. Qg6 Qh8 26. f4 cxd4 27. Nf3 Nc6 28. Qd3 Rg8 29. Kh1 h4 30. Nxh4 dxc3 31. Nxc3 d4 32. Ne4 Nb4 33. Qb5 Bxe4+ 34. Ng2 Qh3 35. Qxb4+ Kf6 36. Rd2 Rh8 0-1

[Event "GER-ch U14"]
[Site "Willingen"]
[Date "2018.05.23"]
[Round "5"]
[White "Pahl, Theis"]
[Black "Astner, Sebastian"]
[Result "1-0"]
[WhiteElo "1868"]
[BlackElo "1923"]
[PlyCount "53"]
[EventDate "2018.05.19"]
[EventType "swiss"]
[EventRounds "9"]
[EventCountry "GER"]
[SourceTitle "CBM 184 Extra"]
[Source "ChessBase"]
[SourceDate "2018.06.28"]
[SourceVersion "1"]
[SourceVersionDate "2018.06.28"]
[SourceQuality "1"]

1. e4 c5 2. Nf3 d6 3. d4 cxd4 4. Nxd4 Nf6 5. Nc3 g6 6. Be3 Bg7 7. f3 0-0 8. Qd2 Nc6 9. 0-0-0 Nxd4 10. Bxd4 Be6 11. Kb1 Qc7 12. Nd5 Bxd5 13. exd5 Rfc8 14. Rc1 a5 15. g4 a4 16. c4 Nd7 17. Bxg7 Kxg7 18. h4 Rf8 19. h5 Kg8 20. Qh6 Nf6 21. Bd3 Qb6 22. c5 dxc5 23. g5 a3 24. Rc2 Nxd5 25. hxg6 Nc3+ 26. Kc1 axb2+ 27. Rxb2 1-0

[Event "GER-ch U14"]
[Site "Willingen"]
[Date "2018.05.20"]
[Round "1"]
[White "Reimer, Philip"]
[Black "Astner, Sebastian"]
[Result "1-0"]
[WhiteElo "1657"]
[BlackElo "1923"]
[PlyCount "51"]
[EventDate "2018.05.19"]
[EventType "swiss"]
[EventRounds "9"]
[EventCountry "GER"]
[SourceTitle "CBM 184 Extra"]
[Source "ChessBase"]
[SourceDate "2018.06.28"]
[SourceVersion "1"]
[SourceVersionDate "2018.06.28"]
[SourceQuality "1"]

1. e4 b6 2. d4 Bb7 3. Nc3 e6 4. Nf3 Bb4 5. Bd3 Nf6 6. Qe2 d5 7. e5 Nfd7 8. 0-0 c5 9. Qe3 Nc6 10. Nb5 cxd4 11. Nbxd4 Bc5 12. c3 Rc8 13. Bd2 h6 14. Qe2 Qe7 15. Nxc6 Bxc6 16. b4 d4 17. bxc5 Bxf3 18. Qxf3 Nxe5 19. Qe4 Nxd3 20. Qxd3 bxc5 21. cxd4 Rd8 22. Ba5 Rxd4 23. Qb5+ Kf8 24. Qb8+ Qe8 25. Qxa7 Qc8 26. Rab1 1-0